[Event "1st Pelion Open 2018"]
[Site "Agios Ioannis-Pelion"]
[Date "2018.06.16"]
[Round "1"]
[White "Mastrovasilis, Athanasios"]
[Black "Georgiopoulos, Har"]
[Result "1-0"]
[WhiteElo "2501"]
[BlackElo "1597"]
[Annotator "TA"]
[PlyCount "73"]
[EventType "swiss"]
[EventCountry "GRE"]
[SourceTitle "playchess.com"]
[Source "ChessBase"]
[SourceQuality "1"]

{[%evp 12,73,0,0,29,28,36,28,22,24,37,29,31,18,35,34,25,25,21,26,56,56,51,53,31,0,49,49,48,44,90,98,86,97,93,74,62,80,67,47,51,15,31,30,55,62,68,72,81,78,162,158,210,197,230,230,229,230,222,222,234,239,938,940]} 1. d4 Nf6 2. Nf3 e6 3. g3 c5 4. Bg2 Nc6 5. O-O d5 6. b3 cxd4 7. Nxd4 {LiveBook: 63 Partien} Qb6 {D02: Damenbauernspiele} (7... Be7 8. Bb2 O-O 9. Nxc6 bxc6 10. c4 a5 11. Nc3 Ba6 12. Qc2 dxc4 13. Rfd1 cxb3 14. axb3 Qc7 15. Na4 Bb5 16. Bd4 Rad8 {0-1 (35) Pelletier,Y (2529)-Harikrishna,P (2737) Biel 2017}) 8. Bb2 Bc5 {[%cal Rc5d4]} 9. Nxc6 bxc6 {Weiß hat minimalen Vorteil.} 10. Nc3 Be7 11. Na4 $146 ({Vorgänger:} 11. Rc1 e5 12. Na4 Qc7 13. c4 d4 14. f4 Ng4 15. fxe5 Ne3 16. Qxd4 Nxf1 17. Rxf1 {0-1 (59) Papadopoulou,V (2266)-Gavasheli,A (2159) Urgup 2004}) 11... Qa5 12. c4 Ba6 13. Rc1 O-O 14. Bc3 Qd8 15. Qc2 Rc8 16. Rfd1 Ba3 17. Bb2 $36 {[%mdl 2048] Weiss hat gut koordiniertes Spiel.} Qe7 18. Qc3 Bxb2 (18... Bb4 {with more complications.} 19. Qe5 Rfd8 20. e3 Bd6 21. Qc3 Bb4) 19. Nxb2 {[%cal Ba4b2,Bb2d3,Bd3e5][%mdl 32]} Qa3 20. Nd3 dxc4 21. bxc4 Qxc3 22. Rxc3 {Sc5 ist eine echte Drohung.} Rfd8 23. Rdc1 c5 24. Ra3 Rd6 25. Ne5 {[#] Und weiter mit Txa6! wäre nett.} Rc7 $1 26. Rb1 g6 27. f4 h5 28. Ra5 Ng4 29. Bf3 Ne3 30. Rc1 Kg7 (30... Bc8 $16 {kämpft weiter.}) 31. Rc3 $18 f6 {[#]} (31... Nf5 $16 {ist wohl besser.} 32. Rca3 f6) 32. Nc6 $1 ({Viel schwächer ist} 32. Rxe3 fxe5 33. Rxe5 Bxc4 $16) 32... Rd1+ 33. Kf2 Ng4+ 34. Bxg4 $1 Rxc6 35. Bf3 Rb6 36. Rxc5 Bb7 $2 (36... Rd7 37. Ra5 Bc8) 37. Rc7+ {Precision: Weiß = 84%, Schwarz = 40%.} 1-0

[Event "1st Pelion Open 2018"]
[Site "Agios Ioannis-Pelion"]
[Date "2018.06.16"]
[Round "1"]
[White "Stanojoski, Zvonko"]
[Black "Klitorakis, Ioannis"]
[Result "1-0"]
[WhiteElo "2440"]
[BlackElo "1526"]
[Annotator "TA"]
[PlyCount "47"]
[EventType "swiss"]
[EventCountry "GRE"]
[SourceTitle "playchess.com"]
[Source "ChessBase"]
[SourceQuality "1"]

{[%evp 12,47,26,-9,46,-8,0,0,12,0,0,-18,4,13,13,13,28,18,54,66,90,85,192,200,192,142,173,67,177,154,160,156,250,226,454,446,437,412]} 1. Nf3 g6 2. g3 Bg7 3. c4 c5 4. Bg2 Nc6 5. Nc3 Rb8 6. O-O a6 7. a4 {LiveBook: 32 Games} Nf6 {A37: Symmetrical English vs ...g6: 4 Bg2 Bg7 5 Nf3} (7... d6 $11) (7... d6 8. e3 Na5 9. b3 Nf6 10. d4 O-O 11. Bb2 Qb6 12. Nd2 cxd4 13. exd4 Qxd4 14. Re1 Ng4 15. Re2 Ne5 {0-1 (41) Gogolev,A (2379)-Apryshko,G (2494) Orsha 2018}) 8. Ne1 (8. d4 $14) 8... O-O 9. Nc2 Ne8 {[%cal Bf6e8,Be8c7,Bc7b5,Bb5d6,Bd6f5][%mdl 32] The position is equal.} 10. d3 $146 ({Predecessor:} 10. Rb1 Nd6 11. Na3 Nf5 12. b3 d6 13. Bb2 h5 14. Ne4 h4 15. e3 {½-½ (43) Thorsteinsson,T (2248)-Bertagnolli,A (2370) Ortisei 2012}) 10... Nc7 11. e3 b5 12. axb5 axb5 13. cxb5 Nxb5 14. Na4 Nd6 15. Nxc5 Qb6 16. d4 Nb4 (16... e5 $16) 17. Nxb4 $18 Qxb4 18. b3 Nf5 19. Rb1 ({Only move:} 19. Bd2 $18 Qb6 20. Ba5) 19... e5 {[#]} ({Black should try} 19... d6 $14 20. Bd2 Qb5) 20. Nd3 $1 {[%cal Rd3b4]} Qb5 21. Nxe5 Bxe5 (21... Re8 $16 22. Ba3 Bb7) 22. dxe5 Qxe5 $2 (22... Bb7 {was worth a try.} 23. e4 Ng7) 23. e4 Ng7 24. Bf4 {Precision: White = 55%, Black = 14%.} 1-0

[Event "1st Pelion Open 2018"]
[Site "Agios Ioannis-Pelion"]
[Date "2018.06.16"]
[Round "1"]
[White "Tzimoulias, Konstantinos"]
[Black "Ristic, Nenad"]
[Result "0-1"]
[WhiteElo "1498"]
[BlackElo "2372"]
[Annotator "TA"]
[PlyCount "66"]
[EventType "swiss"]
[EventCountry "GRE"]
[SourceTitle "playchess.com"]
[Source "ChessBase"]
[SourceQuality "1"]

{[%evp 12,66,11,10,22,-2,15,12,16,-1,1,-50,-29,-50,-54,-42,-20,-12,-19,-8,-22,-52,-16,-72,-76,-79,-89,-72,-63,-141,-112,-378,-364,-354,-239,-219,-157,-155,-175,-331,-324,-369,-363,-515,-539,-525,-502,-527,-522,-556,-573,-650,-475,-692,-738,-729,-720]} 1. e4 c5 2. Nc3 g6 3. g3 Bg7 4. Bg2 Nc6 5. d3 Rb8 6. a4 d6 7. Nge2 h5 {B25: Closed Sicilian: 3 g3, lines without early Be3} (7... b6 8. O-O Nf6 9. h3 {½-½ (9) Rogulj,B (2396)-Palac,M (2538) Zagreb 2017}) 8. h3 $146 ({Predecessor:} 8. Be3 h4 9. gxh4 Rxh4 10. Qd2 Nd4 11. Bg5 Rg4 12. Ng3 Rxg5 13. Qxg5 Nxc2+ 14. Ke2 Nxa1 15. Rxa1 {0-1 (42) Rius,J (2030)-Fernandez Garcia,J (2285) Vilanova 1994}) 8... Bd7 9. Be3 Nd4 {The position is equal.} 10. Qc1 a6 11. Nf4 (11. Bd2 $11) 11... b5 12. axb5 axb5 13. Nce2 Qc8 14. Nxd4 cxd4 15. Bd2 Nf6 16. b3 O-O 17. Qb2 (17. Bb4 $11 {keeps the balance.}) 17... Re8 18. Bb4 e5 19. Ne2 {[#]} d5 $1 {[%mdl 512]} 20. Bd6 ({Better is} 20. c3 $15) (20. exd5 e4) 20... Rb6 $36 {[%mdl 2048] Keeping White busy.} 21. Bxe5 $2 {[%mdl 8192]} (21. Bb4 $17 {is the only way for White.}) 21... Rxe5 $19 22. f4 Re8 23. e5 Nh7 24. Qxd4 Rc6 25. c4 $2 (25. c3 {is a better defense.}) 25... dxc4 ({Weaker is} 25... bxc4 26. bxc4 dxc4 27. Ra7 $19) 26. dxc4 bxc4 27. O-O (27. Rc1 $142 Rc7 28. Rxc4) 27... Bxh3 {Black is clearly winning.} 28. Bxc6 Qxc6 {[%csl Gh3][%cal Rc6g2] [#]} 29. Rf2 cxb3 30. Rb1 Be6 31. Nc1 Bf8 32. Nd3 (32. Nxb3 $142 Bxb3 33. Rxb3) 32... Be7 33. Rc1 Qb5 {Precision: White = 26%, Black = 67%.} 0-1

[Event "1st Pelion Open 2018"]
[Site "Agios Ioannis-Pelion"]
[Date "2018.06.17"]
[Round "2"]
[White "Nikolaidis, Ioannis"]
[Black "Pavlidis, Pavlos"]
[Result "1-0"]
[WhiteElo "2537"]
[BlackElo "1954"]
[Annotator "TA"]
[PlyCount "35"]
[EventType "swiss"]
[EventCountry "GRE"]
[SourceTitle "playchess.com"]
[Source "ChessBase"]
[SourceQuality "1"]

{[%evp 15,35,18,28,23,25,30,32,29,18,22,227,210,382,405,409,409,401,400,395,372,1004,996]} 1. Nf3 d5 2. d4 Nf6 3. c4 e6 4. Nc3 Bb4 5. Qa4+ Nc6 6. e3 O-O 7. Qc2 {D38: Queen's Gambit Declined: Ragozin Defence (4 Nf3 Bb4)} (7. a3 Bxc3+ 8. bxc3 Bd7 9. Qc2 Na5 10. cxd5 exd5 11. Bd3 Re8 12. O-O c5 13. dxc5 Rc8 14. a4 Rxc5 {1-0 (39) Yu,Y (2751)-Harikrishna,P (2744) Huaian 2017}) 7... Re8 8. Bd2 e5 {LiveBook: 3 Games} 9. dxe5 {White has an edge.} Nxe5 10. cxd5 Bxc3 11. Bxc3 Nxf3+ 12. gxf3 {Threatens to win with Rg1.} Nxd5 $146 {[#]} (12... Qxd5 $11 13. Rg1 Qxf3) ({Predecessor:} 12... Qxd5 13. Rg1 Bf5 14. Qa4 Bg6 {0-1 (49) Smirnov,A (2456)-Del Rio de Angelis,S (2519) Palma de Mallorca 2015}) 13. O-O-O $1 $18 {Black must now prevent Rg1.} c6 $2 (13... Qd6 {keeps fighting.} 14. Bc4 c6) 14. Rg1 g6 {[#]} 15. e4 $1 Qh4 16. exd5 cxd5 17. Bb5 Bf5 $2 (17... Rd8 18. Qa4 Qxa4 19. Bxa4 Be6) 18. Qxf5 1-0

[Event "1st Pelion Open 2018"]
[Site "Agios Ioannis-Pelion"]
[Date "2018.06.17"]
[Round "2"]
[White "Grivas, Efstratios"]
[Black "Papagiannis, Asterios"]
[Result "1-0"]
[WhiteElo "2445"]
[BlackElo "1911"]
[Annotator "TA"]
[PlyCount "65"]
[EventType "swiss"]
[EventCountry "GRE"]
[SourceTitle "playchess.com"]
[Source "ChessBase"]
[SourceQuality "1"]

{[%evp 11,65,14,25,13,51,45,45,39,60,60,76,70,136,152,148,134,138,133,146,148,215,217,255,244,228,181,202,178,185,187,264,257,339,355,341,347,426,426,461,463,444,438,664,679,673,670,1193,779,927,709,29993,29994,29994,29975,29960,29962]} 1. d4 Nf6 2. Nf3 e6 3. g3 b5 4. Bg2 Bb7 5. O-O Be7 6. Qd3 b4 {LiveBook: 5 Games. A46: 1 d4 Nf6 2 Nf3 e6: Torre, London and Colle Systems} (6... a6 7. Nbd2 d5 8. b3 b4 9. c4 bxc3 10. Qxc3 Nbd7 11. Bb2 c5 12. dxc5 Nxc5 13. Rac1 O-O 14. Qd4 {0-1 (38) Sakaev,K (2635)-Gabrielian,A (2524) Dagomys 2010}) 7. Bg5 h6 $146 ({Predecessor:} 7... O-O 8. Bxf6 Bxf6 9. Ng5 Bxg5 10. Bxb7 Nc6 11. Bxa8 Qxa8 12. Nd2 f5 13. Nf3 Bf6 14. d5 {1-0 (30) Pulpan,J (2400)-Mazurkiewicz,M (2215) Katowice 2017}) 8. Bxf6 Bxf6 {White is slightly better.} 9. a3 Na6 10. axb4 Nxb4 11. Qb3 Be7 {[#]} (11... c5 $14) 12. c3 $1 $16 {[%cal Rc3b4]} Bd5 13. Qd1 Nc6 14. Nbd2 {And now e4 would win.} Bxf3 15. Bxf3 d5 (15... a5 $16 16. Qa4 O-O) 16. e4 $18 Rb8 17. exd5 exd5 18. Ra6 {Threatens to win with Qa4.} Qd7 19. Re1 O-O 20. Qa4 Rb6 (20... Bg5 $142) 21. Rxb6 cxb6 {[#]} 22. Rxe7 $1 {[%mdl 512]} Qxe7 (22... Nxe7 23. Qxd7) 23. Qxc6 Qe1+ 24. Nf1 Qb1 25. Qb5 Rd8 26. Kg2 a6 (26... Qf5 $142 27. Ne3 Qd7) 27. Qxb6 Re8 28. Bxd5 Re2 29. Qxa6 Qc2 30. Kg1 Qxb2 31. Qc8+ {White mates.} Kh7 32. Qf5+ Kh8 33. Qxf7 {Precision: White = 90%, Black = 28%.} 1-0

[Event "1st Pelion Open 2018"]
[Site "Agios Ioannis-Pelion"]
[Date "2018.06.17"]
[Round "2"]
[White "Ristic, Nenad"]
[Black "Tsekouras, Vasilios"]
[Result "1-0"]
[WhiteElo "2372"]
[BlackElo "1880"]
[Annotator "ChessBase"]
[PlyCount "69"]
[EventType "swiss"]
[EventCountry "GRE"]
[SourceTitle "playchess.com"]
[Source "ChessBase"]
[SourceQuality "1"]
[TimeControl "40/5400+30:1800+30"]

1. Nf3 b6 2. e4 Bb7 3. Nc3 c5 4. d4 cxd4 5. Nxd4 g6 6. Bf4 Bg7 7. Ndb5 Na6 8. Nd5 d6 9. f3 Be5 10. Bg5 h6 11. Be3 Nf6 12. Nxf6+ Bxf6 13. c3 Nc7 14. Qd2 h5 15. Bd4 Bxd4 16. Nxd4 d5 17. e5 Qd7 18. Bd3 O-O-O 19. O-O Rdg8 20. a4 g5 21. a5 b5 22. a6 Bxa6 23. Qe2 Rh6 24. Bf5 e6 25. Bd3 Qe7 26. b4 Bb7 27. Rxa7 g4 28. f4 f6 29. Nxb5 Nxb5 30. Bxb5 Qc7 31. Qf2 Rg7 32. Ba6 g3 33. hxg3 Qc6 34. b5 Qc4 35. Qb6 1-0

[Event "1st Pelion Open 2018"]
[Site "Agios Ioannis-Pelion"]
[Date "2018.06.17"]
[Round "2"]
[White "Lagaras, Stylianos"]
[Black "Mastrovasilis, Athanasios"]
[Result "0-1"]
[WhiteElo "1937"]
[BlackElo "2501"]
[Annotator "TA"]
[PlyCount "96"]
[EventType "swiss"]
[EventCountry "GRE"]
[SourceTitle "playchess.com"]
[Source "ChessBase"]
[SourceQuality "1"]

{[%evp 17,96,0,6,-3,-6,-35,-16,-25,-4,-27,-23,-19,-9,-29,0,0,0,-10,0,0,0,-47,0,0,0,-2,-1,-15,0,-6,-6,-7,-6,-6,-4,-6,0,-25,0,-8,0,-6,0,0,0,0,0,0,0,0,0,-13,-22,-73,-73,-73,-73,-152,-147,-422,-441,-434,-424,-389,-381,-412,-419,-604,-591,-486,-461,-428,-402,-600,-562,-589,-549,-564,-541,-7743,-8113]} 1. d4 Nf6 2. c4 e6 3. Nf3 d5 4. g3 a6 5. Bg2 dxc4 6. O-O b5 7. Ne5 c6 8. Nxc6 Qb6 9. Nxb8 {E04: Katalanisch} Rxb8 {LiveBook: 6 Partien} 10. b3 $146 ({Vorgänger:} 10. e4 Bb7 11. Nc3 Be7 12. Be3 O-O 13. d5 Bc5 14. Bg5 exd5 15. Bxf6 Qxf6 16. exd5 Rbd8 {0-1 (56) Kazakovskiy,V (2422)-Georgiev,K (2623) Katowice 2017}) 10... cxb3 11. Qxb3 {Die Stellung ist ausgeglichen.} Bb7 12. Bxb7 Rxb7 13. Nd2 Qxd4 14. Nf3 $1 {[%cal Rf3d4]} Qe4 15. Qc3 {[#] Droht stark Dc8+.} Qc4 16. Qa5 $1 {[%cal Ra5a6]} b4 17. Bg5 (17. Bb2 {looks sharper.} Qb5 18. Qxb5+ axb5 19. Rac1 Rb8 20. Rfd1) 17... Qb5 18. Qxb5+ Rxb5 19. Rac1 {zielt auf Tc8+ ab.} Rb8 20. Rc6 Be7 21. Rxa6 O-O 22. Rc1 Ra8 23. Rxa8 Rxa8 24. Rc2 h6 25. Bxf6 Bxf6 $11 {[%mdl 4096] Endspiel KTL-KTS} 26. e3 g5 27. h3 Rd8 28. g4 Bc3 29. Kg2 Rd1 30. Ng1 Kg7 31. Ne2 Be5 32. Ng3 Ra1 33. Rd2 Kf6 34. f4 gxf4 35. exf4 (35. Rf2 $1 $11 {hält das Gleichgewicht.}) 35... Bxf4 $17 36. Nh5+ Kg5 37. Rf2 (37. Nxf4 $142 Kxf4 38. Rf2+ Kg5 39. Kg3) 37... Be5 38. Kf3 $2 {[%mdl 8192]} (38. Ng3 $17 {war einen Versuch wert.}) 38... Rh1 $19 39. Ke4 f6 40. Ng7 Rxh3 41. Nxe6+ Kxg4 42. Nc5 (42. Ng7 $142 Rh2 43. Rf1) 42... Rh2 43. Rf1 Re2+ 44. Kd3 Rxa2 45. Ne4 (45. Rb1 $142) 45... f5 {Schwarz steht klar auf Gewinn.} 46. Rg1+ Kh3 47. Nd2 h5 48. Rg5 {[#]} Rxd2+ $1 {Precision: Weiß = 39%, Schwarz = 66%.} 0-1

[Event "1st Pelion Open 2018"]
[Site "Agios Ioannis-Pelion"]
[Date "2018.06.17"]
[Round "2"]
[White "Georgiadis, Nikolaos Xant"]
[Black "Stanojoski, Zvonko"]
[Result "0-1"]
[WhiteElo "1856"]
[BlackElo "2440"]
[Annotator "TA"]
[PlyCount "92"]
[EventType "swiss"]
[EventCountry "GRE"]
[SourceTitle "playchess.com"]
[Source "ChessBase"]
[SourceQuality "1"]

{[%evp 9,92,0,-16,-39,0,-35,0,2,80,85,52,70,41,47,74,81,129,41,50,42,43,43,60,39,46,38,41,41,49,39,52,52,68,50,59,7,16,3,11,0,0,0,0,0,12,-8,11,-24,14,-11,0,-112,-41,-50,-57,-45,0,0,0,-81,-92,-394,-194,-231,-229,-277,-258,-353,-346,-716,-353,-342,-334,-500,-500,-502,-452,-480,-458,-603,-568,-795,-740,-29990,-29991]} 1. Nf3 g6 2. g3 Bg7 3. Bg2 d5 {[%cal Bd7d5,Bd5d4][%mdl 32]} 4. d3 c5 (4... e5 5. O-O Ne7 6. e4 O-O 7. Nbd2 Nbc6 8. c3 a5 9. h3 h6 10. Qe2 Kh7 11. Rd1 f5 12. exd5 Nxd5 13. Nc4 Re8 14. a4 b6 15. h4 Bb7 16. Nh2 Qd7 {0-1 (30) Mozharov,M (2573)-Nepomniachtchi,I (2705) Moscow 2015}) 5. Nbd2 Nc6 {LiveBook: 9 Games} 6. c4 {A07: Réti Opening: New York and Capablanca Systems} d4 7. Nb3 $146 ({Predecessor:} 7. Rb1 Qc7 8. a3 a5 9. Ne4 a4 10. O-O b6 11. b3 axb3 12. Qxb3 {1-0 (28) Maul,T-Hill,M Flint 1992}) 7... Qc7 8. O-O {The position is equal.} b6 {[#]} (8... Qb6 $1 $11) 9. Bf4 $1 $16 {[%cal Rf4c7]} Qd7 10. e3 $1 {[%cal Re3d4]} dxe3 11. fxe3 Bb7 {[#] aiming for ...e5.} 12. d4 $1 f6 13. d5 (13. dxc5 $16 {Strongly threatening Qxd7+.} Qxd1 14. Raxd1) 13... Nd8 $1 $14 14. e4 {Black must now prevent e5.} e5 15. Bd2 Nf7 16. Bc3 Ne7 {[%cal Bg8e7,Be7c8,Bc8d6][%mdl 32]} 17. Nc1 Nc8 18. Nd3 Ncd6 19. Nd2 Ba6 20. b3 O-O 21. Qc2 h5 22. h4 (22. Nf3 $14) 22... Nh6 $11 23. Nf2 Qe7 24. Qb2 Rae8 25. Nf3 Bc8 26. Rae1 Bd7 27. a3 a5 28. Nd2 f5 29. Nd3 Ng4 30. Re2 (30. exf5 $1 $11 {remains equal.} Nxf5 31. Nf4) 30... fxe4 ({Black should play} 30... Bh6 $17) 31. Rxf8+ $15 Rxf8 32. Nxe4 Nf5 33. Ndf2 Nd4 34. Bxd4 (34. Re1 $11) 34... exd4 $17 35. Ng5 $2 {[%mdl 8192]} (35. Nxg4 $17 Bxg4 36. Re1) 35... Ne3 (35... Rxf2 $142 36. Rxe7 Rxb2 37. Rxd7 Rb1+ 38. Bf1 Ne3 39. Rd8+ Bf8) 36. Qb1 Bf5 37. Nfe4 Bh6 38. d6 Qe5 39. Qe1 $2 (39. Qb2 Nxg2 40. Kxg2) 39... Bxg5 (39... Nxg2 $142 40. Rxg2 Bxg5 41. hxg5 Qxe4 42. Qxe4 Bxe4) 40. Nxg5 $19 Qxd6 41. Be4 (41. Rxe3 $142 dxe3 42. Bd5+ Kg7 43. Qxe3) 41... Bxe4 42. Nxe4 Qe5 43. Nd2 Kg7 44. Kh2 g5 {...gxh4 is the strong threat.} 45. hxg5 h4 {And now ...hxg3+ would win.} 46. Rxe3 Qxe3 {Precision: White = 23%, Black = 37%.} 0-1

[Event "1st Pelion Open 2018"]
[Site "Agios Ioannis-Pelion"]
[Date "2018.06.17"]
[Round "3"]
[White "Mastrovasilis, Athanasios"]
[Black "Todorovic, Goran N (2335)"]
[Result "1/2-1/2"]
[WhiteElo "2501"]
[BlackElo "2335"]
[Annotator "TA"]
[PlyCount "72"]
[EventType "swiss"]
[EventCountry "GRE"]
[SourceTitle "playchess.com"]
[Source "ChessBase"]
[SourceQuality "1"]

{[%evp 12,72,56,7,21,8,7,3,29,29,33,30,62,61,69,50,59,29,44,43,50,25,57,20,63,20,45,43,50,45,43,37,41,56,66,20,27,21,22,11,11,8,34,14,86,55,96,51,96,27,27,27,27,27,28,24,20,0,0,0,0,0,0]} 1. d4 e6 2. c4 f5 3. g3 Nf6 4. Bg2 Be7 5. Nh3 O-O 6. O-O d6 7. Nf4 {LiveBook: 4 Games. A91: Classical Dutch: Early Deviations} (7. Nc3 e5 8. Nd5 Nxd5 9. cxd5 Nd7 10. Be3 Nb6 11. Qb3 Kh8 12. Rac1 Bd7 13. dxe5 dxe5 14. Bc5 Bd6 15. Bxd6 cxd6 {0-1 (59) Deepan Chakkravarthy,J (2520)-Tu,H (2414) Hanoi 2018}) 7... e5 8. dxe5 dxe5 9. Nd5 c6 10. Nxe7+ Qxe7 11. b3 Qf7 $146 ({Predecessor:} 11... Rd8 12. Qc2 Be6 13. Ba3 Qc7 14. Nc3 a5 {½-½ (55) Terron Elena,F (2288)-Bolle,L (2011) Campillos 2007}) 12. Bb2 Re8 13. Nd2 e4 14. Qc2 Be6 15. Rad1 Nbd7 {[%cal Bb8d7,Bd7f8,Bf8g6][%mdl 32]} 16. Rfe1 Nf8 17. f3 {[%cal Rf3e4]} Ng6 18. Qc3 {[%cal Rf3e4]} exf3 19. exf3 f4 20. Ne4 Nxe4 21. Rxe4 Bf5 22. Rxe8+ Rxe8 23. Re1 (23. g4 $5 {[%cal Rg4f5]} Bc8 24. Re1 $16) 23... Rxe1+ 24. Qxe1 h5 25. Qd2 Qc7 26. Qd4 b6 27. c5 b5 (27... fxg3 $11 {keeps the balance.} 28. hxg3 h4) 28. Kf2 Qd7 29. Qd6 Kf7 30. Bf1 (30. g4 $1 $16 {[%cal Rg4f5]} Qxd6 31. cxd6 hxg4 32. fxg4) 30... Qxd6 $11 31. cxd6 {[%mdl 4096] Endgame KBB-KBN} Ke6 32. Bxg7 Kxd6 33. b4 c5 34. gxf4 {The position is equal.} c4 35. Ke3 Kd5 36. a3 a6 {Precision: White = 38%, Black = 47%.} 1/2-1/2

[Event "1st Pelion Open 2018"]
[Site "Agios Ioannis-Pelion"]
[Date "2018.06.17"]
[Round "3"]
[White "Stanojoski, Zvonko"]
[Black "Hrisanthopoulos, Dimitrios (1979)"]
[Result "1-0"]
[WhiteElo "2440"]
[BlackElo "1979"]
[Annotator "TA"]
[PlyCount "103"]
[EventType "swiss"]
[EventCountry "GRE"]
[SourceTitle "playchess.com"]
[Source "ChessBase"]
[SourceQuality "1"]

{[%evp 17,103,-5,21,-22,33,16,17,-124,0,-23,-18,-25,-18,-34,-37,-40,0,0,0,-3,94,81,55,76,119,75,99,69,58,35,35,33,16,0,11,20,23,0,0,0,20,4,31,24,29,17,22,22,30,31,24,16,38,33,30,31,85,85,78,77,128,150,151,144,150,137,323,288,252,251,252,252,289,276,275,256,568,122,775,775,754,744,702,669,4754,4754,4570,4134]} 1. d4 Nf6 2. Bf4 d5 3. e3 e6 4. Nd2 c5 5. c3 Nc6 6. Bd3 Bd6 7. Bg3 O-O 8. Ngf3 b6 9. Qe2 {D02: Damenbauernspiele} (9. e4 Be7 10. e5 Nh5 11. Nf1 cxd4 12. Nxd4 Nxd4 13. cxd4 g6 14. Ne3 f5 15. exf6 Bxf6 16. Be2 Nxg3 17. hxg3 {½-½ (37) Nakamura,H (2787)-Svidler,P (2760) Moscow 2018}) 9... Qc7 {LiveBook: 6 Partien} 10. Rd1 Rd8 $146 (10... Bxg3 $11 11. hxg3 e5 12. Nxe5 Nxe5 13. dxe5 Qxe5) ({Vorgänger:} 10... Re8 11. e4 e5 12. dxc5 bxc5 13. O-O d4 14. Nc4 Nh5 15. Rc1 Nxg3 16. fxg3 Qd8 {1-0 (28) Matusch,D (2009)-Zimmermann,K (2286) Nickenich 2018}) 11. Bh4 {Weiß steht etwas besser.} Be7 12. g4 (12. O-O $11 {hält das Gleichgewicht.}) 12... e5 (12... Nxg4 $17 {Weiss muss nun ...Lxh4 beachten.} 13. Bxe7 Qxe7) 13. dxe5 (13. g5 {looks sharper.} Nd7 14. e4 cxd4 15. exd5 dxc3 16. Nc4) 13... Nxg4 14. Bg3 $1 {Mit der Idee e6!} Ngxe5 15. Nxe5 Nxe5 {[#]} 16. Bxh7+ $1 {[%mdl 512]} Kxh7 17. Qh5+ Kg8 18. Bxe5 Bg4 (18... Bd6 $11 19. Nf3 Bg4 20. Qxg4 Bxe5) 19. Bxc7 $16 Bxh5 20. Bxd8 Bxd8 21. Rc1 Bf6 22. h4 Re8 23. Nf1 d4 24. cxd4 cxd4 25. Rc7 dxe3 26. Nxe3 Bxb2 27. Kd2 Rd8+ 28. Kc2 Be5 29. Rxa7 Bg6+ 30. Kc1 Rc8+ 31. Kd2 Rd8+ $1 32. Ke2 {und nun wäre Td1 stark für Weiss.} Bd3+ $1 33. Kf3 {Droht Td1 und aus.} Rd4 34. Rc1 Rf4+ 35. Kg2 Be4+ 36. Kf1 Rxh4 (36... g6 $14) 37. Rc8+ Kh7 38. Rxf7 Rh1+ (38... Kg6 $142 39. Rff8 Rh1+ 40. Ke2 Ra1) 39. Ke2 {Droht stark Te7.} Bg6 40. Rff8 {[%csl Gc8][%cal Rf8h8]} Bh5+ 41. Kd3 g5 $2 (41... Bf6 $16 42. Ke4 (42. Rh8+ Kg6 $18) 42... Kg6) 42. Ke4 Bg7 43. Rc7 Rh4+ 44. Kd3 {Beabsichtigt Sf5 und Matt.} Rd4+ 45. Kc2 Bg6+ 46. Kc1 Ra4 $2 (46... Rd6 47. Rf3 Rd4) 47. Nf5 $2 (47. Rd8 $18) 47... Rc4+ $2 {[%mdl 8192]} (47... Bxf5 $16 48. Rxf5 Kg6) 48. Rxc4 $18 {Weiß steht klar auf Gewinn.} Bxf8 49. Rc7+ Kg8 {[#]} 50. Ne7+ $1 Bxe7 51. Rxe7 Bf7 52. a3 {Precision: Weiß = 47%, Schwarz = 31%.} 1-0

[Event "1st Pelion Open 2018"]
[Site "Agios Ioannis-Pelion"]
[Date "2018.06.17"]
[Round "3"]
[White "Ristic, Nenad"]
[Black "Nikolaidis, Ioannis"]
[Result "1/2-1/2"]
[WhiteElo "2372"]
[BlackElo "2537"]
[Annotator "TA"]
[PlyCount "38"]
[EventType "swiss"]
[EventCountry "GRE"]
[SourceTitle "playchess.com"]
[Source "ChessBase"]
[SourceQuality "1"]

{[%evp 18,38,17,0,18,0,0,8,14,0,14,0,3,-3,29,38,60,28,31,0,24,7,60]} 1. e4 c6 2. d4 d5 3. Nc3 dxe4 4. Nxe4 Nd7 5. Bc4 Ngf6 6. Nxf6+ Nxf6 7. Nf3 Bf5 8. Qe2 {B17: Caro-Kann: Modern Line (4...Nd7)} (8. O-O e6 9. Bf4 Bd6 10. Bxd6 Qxd6 11. c3 O-O 12. Qe2 Rfd8 13. Ne5 Nd7 14. Nxd7 {½-½ (14) Svidler,P (2765)-Anand,V (2782) Riadh 2017}) 8... e6 9. c3 Bd6 10. Ne5 {LiveBook: 3 Games} h5 11. Bd3 $146 {[#] And now Bxf5 would win.} (11. Bb3 {looks sharper.} a5 12. a4 Nd5 13. O-O Qc7 14. h4) ({Predecessor:} 11. O-O Qc7 12. Re1 O-O-O 13. h3 Nd5 14. Bb3 f6 15. Nc4 g5 16. Nxd6+ Qxd6 {½-½ (42) Tiviakov,S (2608)-Nikolaidis,I (2563) Reykjavik 2015}) 11... Bxd3 12. Nxd3 Qa5 13. O-O Qf5 14. Ne5 (14. Bd2 {is more complex.} O-O 15. Rfe1 Rad8 16. h3 Nd7 17. Qe4) 14... Bxe5 15. dxe5 Nd7 16. f4 O-O-O 17. Be3 Nb6 18. Qf2 Nc4 19. Bd4 Rd7 {Precision: White = 32%, Black = 59%.} (19... c5 $11 20. Bxc5 Rd2) 1/2-1/2